गुंतवणूक आणि आयकर मार्गदर्शन (Record no. 432707)

MARC details
000 -LEADER
fixed length control field 00588nam a2200145Ia 4500
008 - FIXED-LENGTH DATA ELEMENTS--GENERAL INFORMATION
fixed length control field 100122s9999 xx 000 0 und d
082 ## - DEWEY DECIMAL CLASSIFICATION NUMBER
Item number 56245
Classification number 332.67
100 ## - MAIN ENTRY--PERSONAL NAME
Personal name कुळकर्णी विनायक
245 ## - TITLE STATEMENT
Title गुंतवणूक आणि आयकर मार्गदर्शन
260 ## - PUBLICATION, DISTRIBUTION, ETC. (IMPRINT)
Name of publisher, distributor, etc औदुंबर प्रकाशन
Date of publication, distribution, etc 1999
300 ## - PHYSICAL DESCRIPTION
Extent 95
630 ## - SUBJECT ADDED ENTRY--UNIFORM TITLE
Uniform title गुंतवणूक आणि आयकर मार्गदर्शन
730 ## - ADDED ENTRY--UNIFORM TITLE
Uniform title गुंतवणूक आणि आयकर मार्गदर्शन
942 ## - ADDED ENTRY ELEMENTS (KOHA)
Koha item type Book
Holdings
Withdrawn status Lost status Damaged status Not for loan Home library Current library Date acquired Cost, normal purchase price Total Checkouts Full call number Barcode Date last seen Cost, replacement price Price effective from Koha item type Public note
        S.V. Pathak Library, Vile Parle S.V. Pathak Library, Vile Parle 06/25/1999 60.00   56245 SVPPARLE-56245 01/25/2010 60.00 01/25/2010 Book General NA